000 00323nam a22001457a 4500
003 SGT
020 _a978-81-90938-53-2
082 _a615.19
_bC18K
100 _aKAUR,JASWANT
245 _aCHEMISTRY OF NATURAL PRODUCTS
260 _aJALANDHAR
_bS.VIKASH
_c2018
300 _a468
650 _aPHARMACY
942 _2ddc
_cBK
_03
999 _c17363
_d17363